| 000 | 00759nam a2200205Ii 4500 | ||
|---|---|---|---|
| 003 | JO-AjNU | ||
| 008 | 230605s9999||||xx |||||||||||||| ||und|| | ||
| 040 |
_aJO-AjNU _bara _erda _cJO-AjNU |
||
| 041 | _aara | ||
| 050 | 1 | 4 | _aJX5141.Q28 2006 |
| 100 | 3 |
_aاللجنة الدولية للصليب الأحمر, _eauthor _947322 |
|
| 245 | 0 | 0 | _aالقواعد الأساسية لاتفاقيات جنيف وبروتوكوليها الإضافيين |
| 250 | _aط6 | ||
| 264 | 3 | 1 | _aالقاهرة: اللجنة الدولية للصليب الاحمر، 2006 |
| 300 | _a70ص | ||
| 336 |
_atext _btxt _2rdacontent |
||
| 337 |
_aunmediated _bn _2rdamedia |
||
| 338 |
_avolume _bnc _2rdacarrier |
||
| 650 | 4 |
_aمنظمات دولية - سياسة دولية _947323 |
|
| 999 |
_aA20649 _c24217 _d24217 |
||